| 000 | 00448nam a2200193Ia 4500 | ||
|---|---|---|---|
| 005 | 20240823030915.0 | ||
| 008 | 240823s9999||||xx |||||||||||||| ||und|| | ||
| 020 | _a81-8094-028-4 | ||
| 041 | _aENGLISH | ||
| 082 | _A616.079 P7 | ||
| 100 | _aKannan I | ||
| 245 | 0 | _aIMMUNOLOGY | |
| 250 | _a1st | ||
| 260 |
_c2007 _b"MJP Publishers,Ch" _aChennai |
||
| 500 | _aYES | ||
| 650 |
_aImmunology _bBio Medical Engg. |
||
| 942 | _cBK | ||
| 999 |
_c189811 _d189811 |
||